00708 2200217 4500001002100000005001500021035002000036007000300056008004100059020000600100082001100106084001700117100001800134245014900152250000600301260007800307300005900385650000800444700002200452990001600474INLIS00000000000453920260423092922 a0010-0426000064ta260423 g 0 ind  a- a306.23 a306.23 SAM s0 aSamsul Arifin1 aSejarah DPRD Kaltim dalam Perkembangan Pemerintah Daerah (1957-2009) /cMuzaiyid (Penanggung Jawab); Samsul Arifin & Suyatni Priasmoro (Penulis) a- aSamarinda :bHumas dan Pengkajian Sekretariat DPRD Provinsi Kaltim,c2009 axi; 208 Hal :bIlustrasi Berwarna; Teks; Tabel ;c21cm 4aDPR0 aSuyatni Priasmoro a00000006350